000 00666nam a2200193Ia 4500
003 GCL
008 140319s9999 xx 000 0 ara d
040 _aGCL /
_cGCL
082 0 4 _aد
_b050
_bو ع
245 1 0 _aالعربى العدد 572 يوليو 2006 ( قاهرة المعز تبعث من جديد )
250 _aالاولى
260 _aالكويت :
_bوزارة الاعلام ،
_c2006
300 _a295 ص ؛
_c24 سم
650 0 4 _aالقاهرة - احياء وضواحى
650 0 4 _aالقاهرة - وصف ورحلات
650 0 4 _aالقاهرة - الاحوال الاجتماعية
650 0 4 _aالكوليسترول
942 _2ddc
_cCR
999 _c8773
_d8773